|
|
|
|
| LEADER |
02408nam a22004935i 4500 |
| 001 |
978-3-540-75815-0 |
| 003 |
DE-He213 |
| 005 |
20151116131905.0 |
| 007 |
cr nn 008mamaa |
| 008 |
100301s2008 gw | s |||| 0|eng d |
| 020 |
|
|
|a 9783540758150
|9 978-3-540-75815-0
|
| 024 |
7 |
|
|a 10.1007/978-3-540-75815-0
|2 doi
|
| 040 |
|
|
|d GrThAP
|
| 050 |
|
4 |
|a QD415-436
|
| 072 |
|
7 |
|a PNN
|2 bicssc
|
| 072 |
|
7 |
|a SCI013040
|2 bisacsh
|
| 082 |
0 |
4 |
|a 547
|2 23
|
| 245 |
1 |
0 |
|a Anthracycline Chemistry and Biology I
|h [electronic resource] :
|b Biological Occurence and Biosynthesis, Synthesis and Chemistry /
|c edited by Karsten Krohn.
|
| 246 |
3 |
|
|a With contributions by numerous experts
|
| 264 |
|
1 |
|a Berlin, Heidelberg :
|b Springer Berlin Heidelberg :
|b Imprint: Springer,
|c 2008.
|
| 300 |
|
|
|a XIV, 324 p. 135 illus.
|b online resource.
|
| 336 |
|
|
|a text
|b txt
|2 rdacontent
|
| 337 |
|
|
|a computer
|b c
|2 rdamedia
|
| 338 |
|
|
|a online resource
|b cr
|2 rdacarrier
|
| 347 |
|
|
|a text file
|b PDF
|2 rda
|
| 490 |
1 |
|
|a Topics in Current Chemistry,
|x 0340-1022 ;
|v 282
|
| 505 |
0 |
|
|a Biological Occurence and Biosynthesis -- Naturally Occurring Anthracyclines -- Biosynthetic Anthracycline Variants -- Anthracycline Biosynthesis: Genes, Enzymes and Mechanisms -- Synthesis and Chemistry -- Synthesis of Enantiomerically Pure Anthracyclinones -- Combinatorial Synthesis of Linearly Condensed Polycyclic Compounds, Including Anthracyclinones, Through Tandem Diels–Alder Additions -- Fluorinated Anthracyclines -- Synthesis of the Sugar Moieties -- Nonnatural Glycosyl Anthraquinones as DNA Binding and Photocleaving Agents -- Syntheses of Anthracyclines and Fredericamycin A via Strong Base-Induced Cycloaddition Reaction of Homophthalic Anhydrides.
|
| 520 |
|
|
|a table of contents.
|
| 650 |
|
0 |
|a Chemistry.
|
| 650 |
|
0 |
|a Organic chemistry.
|
| 650 |
|
0 |
|a Medicinal chemistry.
|
| 650 |
|
0 |
|a Biochemistry.
|
| 650 |
1 |
4 |
|a Chemistry.
|
| 650 |
2 |
4 |
|a Organic Chemistry.
|
| 650 |
2 |
4 |
|a Medicinal Chemistry.
|
| 650 |
2 |
4 |
|a Biochemistry, general.
|
| 700 |
1 |
|
|a Krohn, Karsten.
|e editor.
|
| 710 |
2 |
|
|a SpringerLink (Online service)
|
| 773 |
0 |
|
|t Springer eBooks
|
| 776 |
0 |
8 |
|i Printed edition:
|z 9783540758143
|
| 830 |
|
0 |
|a Topics in Current Chemistry,
|x 0340-1022 ;
|v 282
|
| 856 |
4 |
0 |
|u http://dx.doi.org/10.1007/978-3-540-75815-0
|z Full Text via HEAL-Link
|
| 912 |
|
|
|a ZDB-2-CMS
|
| 950 |
|
|
|a Chemistry and Materials Science (Springer-11644)
|